| 000 | 00948nam a2200229 a 4500 | ||
|---|---|---|---|
| 001 | 70989 | ||
| 003 | BD-RjUL | ||
| 005 | 20211209082051.0 | ||
| 008 | 170423s1971 ii |||| |||| 000 0 ben d | ||
| 020 | _c: Tk. 6.00 | ||
| 035 | _a(BD-RjUL)71203 | ||
| 040 |
_aBD-RjUL _bben _cBD-RjUL _dBD-RjUL |
||
| 041 | _aben | ||
| 082 |
_223 _a954.9205 _bMUB 1971 |
||
| 100 | 1 |
_aমুরশিদ, হাসান _9210053 |
|
| 245 | 1 | 0 |
_aবাংলাদেশের স্বাধীনতা সংগ্রামের সাংস্কৃতিক পটভূমি / _cহাসান মুরশিদ |
| 260 |
_aকলিকাতা : _bইন্ডিয়ান আসোসিয়েসনস কোং, _c১৯৭১ [১৩৭৮] |
||
| 300 |
_a১৪৮ পৃ. ; _c২৭ সেমি. |
||
| 651 |
_aবাংলাদেশ _xইতিহাস _y১৯৭১ _9203358 |
||
| 651 |
_aBangladesh _xHistory _y1971 _9203359 |
||
| 942 |
_2ddc _cBK |
||
| 999 |
_c70989 _d70989 |
||